| 000 | 006060000a22001930004500 | ||
|---|---|---|---|
| 001 | 003383 | ||
| 003 | MACL | ||
| 005 | 20151027122349.0 | ||
| 008 | 151027b xxu||||| |||| 00| 0 eng d | ||
| 040 |
_aMACL _cMACL |
||
| 041 | _aEnglish | ||
| 082 | _a934/THA | ||
| 100 |
_aThaplyal, Kiran Kumar _916901 |
||
| 245 |
_aVillage and Village Life In Ancient India _bA Study Of Village and Village Life In Northern India From 6th Century BC To 1st Century AD _cKiran Kumar Thaplyal |
||
| 260 |
_aNew Delhi _c2004 _bAryan Books Internatinal, |
||
| 350 | _a1250 | ||
| 650 |
_aHistory _916902 |
||
| 942 |
_k934 _cBK _2ddc |
||
| 999 |
_c15285 _d15285 |
||